| 000 | 00562nam a22001457a 4500 | ||
|---|---|---|---|
| 008 | 231023t |||||||| |||| 00| 0 eng d | ||
| 050 |
_aTHE LB 2838 .S88 2023 _bC.1 |
||
| 100 | _aSuter, Esther Jepkoech | ||
| 245 | _aImplementation of teacher performance appraisal development and effect on quality teaching in Public Secondary Schools in Uasin Gishu County, Kenya | ||
| 260 |
_aKisii _KKisii University _c2023 |
||
| 300 | _axviii, 200p.:ill. | ||
| 500 | _aIncludes bibliographical references | ||
| 650 | _a1. Teachers - Rating of - Kenya. | ||
| 942 |
_2lcc _cREF |
||
| 999 |
_c207876 _d207876 |
||